000 00459nam a22001817a 4500
003 MPLRDC
005 20220104113609.0
008 210129b ||||| |||| 00| 0 eng d
020 _a7-5075-0207-4
082 _a857.62 CHRIS-4 v.3
100 _aAGATHA CHRISTIE
245 _a烟囱大厦的秘密
_c陈绍鹏 译
250 _a一版一刷
260 _a
_b华文出版社
_c1993
300 _b
650 _a推理小说
942 _cBK
_o857.62 CHRIS-4 v.3
999 _c866
_d856